Antagonistes de mangas médium-hard - Statistiques

Statistiques générales
  • Ce quiz a été pris 49 fois
  • Le résultat moyen est 9 sur 16
Statistiques - réponses
Par images Réponse % Correct
sukuna
95%
Hidan
90%
Griffith
83%
Raditz
79%
Saint Jaygarcia Saturn
71%
En
67%
Grimmjow
67%
Kuroro Lucifer
67%
Kaku
64%
Envy
60%
Pilaf
50%
Riboku
48%
Phinks
36%
Ami
29%
Agon
14%
Ryo
14%
Aucun quiz correspondant
Distribution des résultats
% des personnes avec chaque résultat
Percentile par nombre de réponses
Votre historique - résultats
Vous n’avez pas pris ce quiz